000 01202nam a2200325 i 4500
003 ICI
005 20260601171018.0
008 260508b1996\\\\ve\a||||\||||\00|\0\spa\d
020 _a9802597732
040 _aICI
_bspa
_cICI
_erda
041 _aspa
050 _aF2321.U3
_bM38 1998
100 _aMata, Chicho.
_eautor
_934273
245 _aChicho Mata :
_bel hombre de Uchire.
250 _a 1a edición.
260 _aCaracas :
_bCentro de Arte La Estancia,
_c1996.
300 _a54 páginas :
_bilustraciones ;
336 _2rdacontent
_atexto
337 _2rdamedia
_asin medio
338 _2rdacarrier
_avolumen
500 _aCatálogo y estudio biográfico-artístico.
520 _aObra dedicada a la vida y producción artística de Chicho Mata, figura representativa del arte popular venezolano vinculada a la región de Uchire.
600 _aMata, Chicho
_x Crítica e interpretación.
_934274
650 _aArte popular
_zVenezuela.
_934275
650 _aArtistas populares
_vBiografías.
_zVenezuela
_934276
650 _aCultura popular
_zVenezuela.
_934277
650 _aArte venezolano
_ySiglo XX.
_934278
651 _aUchire (Venezuela)
_xVida cultural.
_934279
942 _2lcc
_cB
_n1
999 _c20777
_d20777